| 000 | 01091nam a2200229 a 4500 | ||
|---|---|---|---|
| 001 | 000264333 | ||
| 003 | AM-YEHGA | ||
| 005 | 20250618074745.0 | ||
| 008 | 030922s1957 ai r 000 0 rus d | ||
| 040 | _aAM-YeHGA | ||
| 041 | 0 | _arus | |
| 111 | 2 | _aВсесоюзная конференция | |
| 245 | 0 | 0 |
_aСборник докладов Всесоюзной конференции по незаразным заболеваниям сельскохозяйственных животных / _cОтв. ред. Г.В. Камалян ; МСХ СССР, Ерев. Зооветеринар. ин-т. |
| 260 |
_aЕреван : _bБ. и., _c1957. |
||
| 300 |
_a314 с. : _bил., граф., табл., ; _c26 см. |
||
| 650 | 1 | 4 | _aСельское хозяйство |
| 650 | 1 | 4 | _aЖивотноводство |
| 700 | 1 |
_aՔամալյան, Գուրգեն Ոսկանի, _d1909-1973 _eред. _4edt _91272 |
|
| 710 | 2 | _aЗооветеринаринарный институт Министерства сельского хозяйства СССР | |
| 942 |
_cBK _2udc |
||
| 090 | _c395673 | ||
| 999 |
_c393646 _d393646 |
||